The Prodigy / (Record no. 283770)
[ view plain ]
| 000 -LEADER | |
|---|---|
| fixed length control field | 00450nam a22001570 4500 |
| 003 - CONTROL NUMBER IDENTIFIER | |
| control field | PILC |
| 005 - DATE AND TIME OF LATEST TRANSACTION | |
| control field | 20150318091412.0 |
| 008 - FIXED-LENGTH DATA ELEMENTS--GENERAL INFORMATION | |
| fixed length control field | 970404 |
| 050 ## - LIBRARY OF CONGRESS CALL NUMBER | |
| Classification number | PT 605 |
| Item number | .H463Pr 1957 |
| 100 1# - MAIN ENTRY--PERSONAL NAME | |
| Personal name | Hesse, Hermann. |
| 245 14 - TITLE STATEMENT | |
| Title | The Prodigy / |
| Statement of responsibility, etc | Translated by W.J. Strachan. |
| 260 ## - PUBLICATION, DISTRIBUTION, ETC. (IMPRINT) | |
| Place of publication, distribution, etc | London : |
| Name of publisher, distributor, etc | Peter Owen, |
| Date of publication, distribution, etc | [c1957]. |
| 300 ## - PHYSICAL DESCRIPTION | |
| Extent | 188 pages : |
| Dimensions | 18 cm. |
| 500 ## - GENERAL NOTE | |
| General note | "Transslated from the German Unterm Rad" |
| 942 ## - ADDED ENTRY ELEMENTS (KOHA) | |
| Source of classification or shelving scheme | Library of Congress Classification |
| Koha item type | Books |
| Withdrawn status | Lost status | Source of classification or shelving scheme | Damaged status | Home library | Current library | Shelving location | Date acquired | Source of acquisition | Sub Shelving location | Total Checkouts | Full call number | Barcode | Date last seen | Price effective from | Koha item type |
|---|---|---|---|---|---|---|---|---|---|---|---|---|---|---|---|
| Library of Congress Classification | Southville International School Affiliated with Foreign Universities Library | Southville International School Affiliated with Foreign Universities Library | Southville Foreign University Section | 03/18/2015 | Library Fund | PT 605 .H463Pr 1957 | SFU1817 | 05/15/2018 | 03/18/2015 | Books |